عرض عادي
عرض مارك
- عبد الهادي، توفيق صالح.
مدخل إسم شخص
001 - رقم الضبط
- حقل الضبط: 12339
003 - معرف رقم الضبط
- حقل الضبط: OSt
005 - تاريخ ووقت أخر عملية
- حقل الضبط: 20120505132432.0
008 - عناصر بيانات ثابتة الطول
- حقل تحكم ثابت الطول: 120505|||a|||||| | ||| d
040 ## - مصدر الفهرسة
- هيئة الفهرسة الأصلية: OSt
- وكالة الكتابة: OSt
100 ## - مدخل -- أسم شخص
- إسم شخص: عبد الهادي، توفيق صالح.
670 ## - بيانات المصدر موجوده
- الاستشهاد بالمصدر: Work cat.: (OSt): الطراونة، حسين أحمد. 12337, الرقابة الإدارية =, 2012.
